What Animals are these Spongebob Characters? #2 - Statistics

General Stats
  • This quiz has been taken 104 times
  • The average score is 8 of 12
Answer Stats
Picture Answer % Correct
Merman
95%
Seahorse
92%
Shark
91%
Sea Cucumber
84%
Flounder
76%
Anchovy
74%
Anglerfish
74%
Bass
68%
Amoeba
43%
Nematode
42%
Electric Eel
30%
Frogfish
26%
No matching quizzes found
Score Distribution
Percent of People with Each Score
Percentile by Number Answered
Your Score History
You have not taken this quiz